000 00475nam a2200169 4500
001 108472
003 ES-MaACL
005 20230906184640.0
007 t|
008 061121s1976 sp r ||||1| spa d
100 1 _aMoners y Sinyol, Jorge.
_982171
245 1 0 _aSintesi d'historia dels paisos catalans /
_cJorge Moners y Sinyol.
250 _a2ยช. ed.
260 _aBarcelona :
_bLa Magrana,
_c1976.
300 _a87 p. ;
_c19 cm.
852 _aES-MaACL
_jA-6201
_bR.95382
999 _c108472
_d108472